000 00481nam a2200121Ia 4500
008 220620s9999||||xx |||||||||||||| ||und||
100 _aSonia Soloneski||Marcelo L. Larramendy
245 0 _aSoil Contamination - Current Consequences and Further Solutions
546 _aEnglish[eng]
650 _aLife Sciences||Soil Science||Ecosystem||Environmental Sciences
856 _uhttps://www.intechopen.com/books/soil-contamination-current-consequences-and-further-solutions
942 _cEB
999 _c31330
_d31330